LEADER 01109nam0 2200301 450 001 000026388 005 20090914153413.0 100 $a20090715d1965----km-y0itaa50------ba 101 0 $aita 102 $aIT 200 1 $aHegeliana$fstudi di J. Stenzel e A. Kojčve e due note di W. R. Beyer e K. Husse$ga cura di Livio Sichirollo 210 $aUrbino$cArgalia$dstampa 1965 215 $a79 p.$d20 cm 225 2 $aDifferenze$v5 410 0$12001$aDifferenze$v5 600 1$aHegel,$bGeorg Wilhelm Friedrich$xTeorie filosofiche 676 $a193$v(21. ed.)$9Filosofia occidentale moderna. Germania e Austria 700 1$aStenzel,$bJulius$0159751 702 1$aSichirollo,$bLivio 801 0$aIT$bUniversitŕ della Basilicata - B.I.A.$gRICA$2unimarc 912 $a000026388 996 $aHegeliana$990338 997 $aUNIBAS BAS $aLETTERE CAT $aEXT10$b01$c20090715$lBAS01$h1027 CAT $aMDL$b30$c20090914$lBAS01$h1534 FMT Z30 -1$lBAS01$LBAS01$mBOOK$1BASA1$APolo Storico-Umanistico$2FMAS$BFondo Masini$3FMas/817/3151$6817/3151$5B817/3151$820090715$f04$FPrestabile Didattica